000
00297nam a2200121Ia 4500
005
20251222155158.0
008
251222s9999||||xx |||||||||||||| ||spa||
082
_a
MEQ.231
100
_a
HEART, DISEASE.
245
0
_a
Recomendaciones guía para el tratamiento
264
_b
No tiene
942
_c
LIB
999
_c
39816
_d
39816